La unidad nacional y los nacionalismos españoles

Сохранить в:
Библиографические подробности
Главный автор: Ramos Oliveria, Antonio
Формат: Текст
Опубликовано: México D.F.: Grijalbo
Метки: Добавить метку
Нет меток, Требуется 1-ая метка записи!

MARC

LEADER 00000 a a2200000 04500
001 23900
003
040 |a CRAI/IIS  |c CRAI/IIS 
090 |a 165200  
100 |a Ramos Oliveria, Antonio  
245 |a La unidad nacional y los nacionalismos españoles  
260 |a México D.F.:   |b Grijalbo  
300 |a 158 p.  
999 |c 6996  |d 6996